00287nam a2200121Ia 4500008004100000041000900041082001900050100001400069245002600083260004000109300000800149650000800157230718s9999 xx 000 0 und d aEng. a346.255bM.M-T am.mahmood 4athe contract act 1872 aPakistanbAl qanoon publisherc2021 a626 aLaw